[Event "Championnat de France des Jeunes - Cade"]
[Site "TROYES"]
[Date "2010.04.12"]
[Round "2.9"]
[White "Abidi, Ines"]
[Black "Lepenant, Maissane"]
[Result "1/2-1/2"]
[WhiteElo "1651"]
[BlackElo "1580"]
[PlyCount "120"]

1. d4 f5 2. Nf3 e6 3. g3 Nf6 4. Bg2 Be7 5. c4 O-O 6. Nc3 c6 7. O-O d5 8. cxd5
cxd5 9. Bf4 Nc6 10. Rc1 a6 11. Nd2 Nxd4 12. e3 Nc6 13. Nb3 Kh8 14. Nd4 Nxd4 15.
Qxd4 b5 16. Ne2 Bb7 17. Rc7 Bc8 18. Rfc1 Bd6 19. Bxd6 Qxd6 20. Qc3 Bd7 21. Nf4
Rac8 22. Qc5 Qxc5 23. R1xc5 Rxc7 24. Rxc7 Rc8 25. Rxc8+ Bxc8 26. Nd3 g5 27. Nc5
Ne4 28. Bxe4 dxe4 29. Kf1 Kg7 30. Ke2 Kf6 31. b4 h6 32. h3 e5 33. a3 Ke7 34.
Kd2 Kd6 35. Kc3 Kd5 36. h4 f4 37. Nb3 fxg3 38. fxg3 gxh4 39. gxh4 Ke6 40. Nc5+
Kf5 41. Kd2 Kg4 42. Nxe4 Kxh4 43. Ke2 Bb7 44. Nc5 Bc8 45. Kf3 Kh3 46. Kf2 Kg4
47. e4 Kf4 48. Kg2 Ke3 49. Kg3 Kd4 50. Kh4 Kc3 51. Kh5 Kb2 52. Kxh6 Kxa3 53.
Kg5 Kxb4 54. Nd3+ Kc3 55. Nxe5 Kd4 56. Kf4 Bb7 57. Nf3+ Kc5 58. Nd2 Kd6 59. Nb3
Bc6 60. Kf5 b4 1/2-1/2

[Event "Championnat de France des Jeunes - Cade"]
[Site "TROYES"]
[Date "2010.04.12"]
[Round "2.10"]
[White "Generet, Elise"]
[Black "Saucey, Capucine"]
[Result "0-1"]
[WhiteElo "1610"]
[BlackElo "1798"]
[PlyCount "86"]

1. e4 e5 2. Nf3 Nc6 3. Bc4 Nf6 4. d3 Be7 5. Be3 d6 6. h3 O-O 7. Nbd2 Be6 8. Bb3
d5 9. exd5 Nxd5 10. Nc4 f6 11. Qe2 Qd7 12. O-O Kh8 13. Nh2 b5 14. Nd2 f5 15. f4
Nxe3 16. Qxe3 Bxb3 17. Nxb3 exf4 18. Qxf4 a5 19. Qe3 Rae8 20. c3 f4 21. Qd2 Ne5
22. Rad1 Rd8 23. Rfe1 Rf5 24. Nf3 Nxf3+ 25. gxf3 c5 26. d4 Bf6 27. Nxc5 Rxc5
28. dxc5 Qxd2 29. Rxd2 Rxd2 30. b4 Kg8 31. a3 Kf7 32. Rc1 Rd3 33. c4 bxc4 34.
Rxc4 Rc3 35. Rxc3 Bxc3 36. b5 Bd4+ 37. Kf1 Bxc5 38. a4 Ke6 39. Ke2 Kd5 40. Kd3
Bb4 41. Kc2 Kc4 42. Kb2 Ba3+ 43. Kc2 Kd4 0-1

[Event "Championnat de France des Jeunes - Mini"]
[Site "TROYES"]
[Date "2010.04.12"]
[Round "2.1"]
[White "Deslias, Gregoire"]
[Black "Ider, Borya"]
[Result "0-1"]
[WhiteElo "1931"]
[BlackElo "2283"]
[PlyCount "88"]
[EventDate "2010.??.??"]

1. d4 e6 2. c4 Nf6 3. Nc3 Bb4 4. Qc2 d5 5. cxd5 exd5 6. Bg5 h6 7. Bh4 c5 8. a3
Bxc3+ 9. Qxc3 cxd4 10. Qxd4 Nc6 11. Qa4 O-O 12. Nf3 Re8 13. Rd1 g5 14. Bg3 Re4
15. Qb5 g4 16. Nd2 Nd4 17. Qd3 Qa5 18. b4 Qa4 19. Nxe4 Nc2+ 20. Qxc2 Qxc2 21.
Nxf6+ Kg7 22. Ne8+ Kf8 23. Nc7 Bd7 24. Bd6+ Kg8 25. b5 Qc3+ 26. Rd2 Rc8 27. e3
Rxc7 28. Bxc7 Qxc7 29. Bd3 Qc3 30. Ke2 Qxa3 31. Rc2 Qb3 32. Rd2 Bxb5 33. Rhd1
a5 34. Bxb5 Qxb5+ 35. Ke1 a4 36. Ra1 Qb4 37. Kd1 b5 38. Raa2 Qb3+ 39. Kc1 a3
40. Rac2 b4 41. Ra2 Qc3+ 42. Kd1 Qc4 43. Re2 Qa6 44. Red2 b3 0-1

[Event "Championnat de France des Jeunes - Mini"]
[Site "TROYES"]
[Date "2010.04.12"]
[Round "2.2"]
[White "Loiseau, Quentin"]
[Black "Hallope, Arnaud"]
[Result "1-0"]
[WhiteElo "2185"]
[BlackElo "1895"]
[PlyCount "113"]

1. d4 Nf6 2. c4 g6 3. Nc3 d5 4. cxd5 Nxd5 5. e4 Nxc3 6. bxc3 Bg7 7. Be3 c5 8.
Nf3 O-O 9. Qd2 Qa5 10. Rc1 cxd4 11. cxd4 Qxd2+ 12. Nxd2 b6 13. Be2 Na6 14. Nb3
Bb7 15. Kd2 Rac8 16. a3 Rfd8 17. Rxc8 Rxc8 18. Bf4 e5 19. Bxa6 Bxa6 20. Bxe5
Bxe5 21. dxe5 Re8 22. f4 Rd8+ 23. Kc3 Rd3+ 24. Kc2 Re3 25. Rd1 Bb5 26. Rd8+ Kg7
27. Nd4 Ba4+ 28. Kd2 Rxe4 29. Ne2 g5 30. Kd3 Bc2+ 31. Kd2 Bb3 32. Nd4 Ba4 33.
Nf5+ Kg6 34. g4 h6 35. Rd6+ Kh7 36. Rxh6+ Kg8 37. Ne7+ Kf8 38. Nf5 Kg8 39. fxg5
Rxg4 40. Rf6 Rxg5 41. Nh6+ Kg7 42. Nxf7 Rxe5 43. Nxe5 Kxf6 44. Nc4 b5 45. Nb2
Bb3 46. Kc3 Be6 47. Kb4 a6 48. Ka5 Bc8 49. Nd3 Kg5 50. Nc5 Kh4 51. Nxa6 Kh3 52.
Kxb5 Kxh2 53. Nc5 Kg3 54. a4 Kf4 55. Kb6 Ke5 56. a5 Kd5 57. Nb7 1-0

[Event "Championnat de France des Jeunes - Mini"]
[Site "TROYES"]
[Date "2010.04.12"]
[Round "2.3"]
[White "Allard, Thomas"]
[Black "Thon, Gabriel"]
[Result "1-0"]
[WhiteElo "1879"]
[BlackElo "2107"]
[PlyCount "87"]

1. e4 c5 2. Nf3 a6 3. c4 e6 4. d4 cxd4 5. Nxd4 Nf6 6. Nc3 Qc7 7. Bd3 Nc6 8. Nb3
Ne5 9. O-O Nxc4 10. f4 d6 11. Qe2 Na5 12. Nd4 Nd7 13. Bd2 Nc6 14. Nxc6 bxc6 15.
Rae1 e5 16. Bc4 Be7 17. Bxf7+ Kxf7 18. fxe5+ Ke8 19. exd6 Bxd6 20. e5 Bc5+ 21.
Kh1 Nf8 22. Ne4 Ne6 23. Qh5+ g6 24. Nf6+ Kd8 25. Qd1 Ke7 26. Qc1 Qa7 27. b4 Bd4
28. Qxc6 Rd8 29. Nd5+ Rxd5 30. Qxd5 Qb7 31. Qd6+ Ke8 32. Rf6 Qb6 33. Qd5 Ra7
34. Rc1 Bd7 35. a4 Ke7 36. a5 Qb8 37. b5 Bxe5 38. Rxe6+ Bxe6 39. Bb4+ Kf7 40.
Rf1+ Bf6 41. Qf3 Qd8 42. b6 Rd7 43. b7 Kg7 44. b8=Q 1-0

[Event "Championnat de France des Jeunes - Mini"]
[Site "TROYES"]
[Date "2010.04.12"]
[Round "2.4"]
[White "Moutarlier, Vincent"]
[Black "Roubaud, Alexandre"]
[Result "0-1"]
[WhiteElo "1870"]
[BlackElo "2054"]
[PlyCount "46"]

1. e4 e5 2. Nf3 Nc6 3. Bc4 Bc5 4. c3 Nf6 5. d3 d6 6. Nbd2 a6 7. Bb3 Ba7 8. O-O
Qe7 9. Re1 Be6 10. Bc2 g5 11. Nf1 g4 12. N3d2 Rg8 13. b4 g3 14. Nxg3 Ng4 15.
Rf1 Nxh2 16. Qh5 Nxf1 17. Kxf1 O-O-O 18. Nf3 Bg4 19. Qh6 Rg6 20. Qd2 Bxf3 21.
gxf3 Qh4 22. Ke2 Qh2 23. Kf1 Rdg8 0-1

[Event "Championnat de France des Jeunes - Mini"]
[Site "TROYES"]
[Date "2010.04.12"]
[Round "2.6"]
[White "Wurtz, Guillaume"]
[Black "Domenech, Vianney"]
[Result "1-0"]
[WhiteElo "1864"]
[BlackElo "2050"]
[PlyCount "115"]

1. e4 d5 2. exd5 Qxd5 3. Nc3 Qa5 4. d4 Nf6 5. Bc4 Bg4 6. f3 Bd7 7. Be3 e6 8.
Qd2 Bb4 9. Nge2 Nc6 10. a3 Ne7 11. O-O Bxc3 12. Nxc3 Qh5 13. Bf4 O-O 14. Bb3
Rac8 15. Ne4 Nfd5 16. Bg3 Nf5 17. Bf2 Nd6 18. c4 Nxe4 19. fxe4 Nf6 20. Rae1 c5
21. d5 exd5 22. exd5 Bf5 23. Bc2 Bxc2 24. Qxc2 b6 25. Re7 Rfe8 26. Rfe1 Rxe7
27. Rxe7 Ng4 28. h3 Ne5 29. Bg3 Qg5 30. Rxe5 Qxg3 31. Qe2 g6 32. Re7 Kf8 33.
Qe5 Qxe5 34. Rxe5 Rc7 35. Kf2 Kg7 36. Kf3 Kf6 37. Kf4 Rd7 38. g4 h6 39. Ke4 Rd6
40. h4 Rd7 41. Re8 Rd6 42. Rh8 Kg7 43. Ke5 Rd7 44. Re8 a6 45. d6 h5 46. g5 b5
47. b3 Rb7 48. Re7 Rb8 49. Kd5 Kf8 50. Kxc5 Rc8+ 51. Rc7 Rd8 52. Kc6 bxc4 53.
bxc4 Re8 54. c5 a5 55. a4 Rb8 56. Rb7 Rc8+ 57. Kb5 Ra8 58. c6 1-0

[Event "Championnat de France des Jeunes - Mini"]
[Site "TROYES"]
[Date "2010.04.12"]
[Round "2.7"]
[White "Luciani, Thibault"]
[Black "Rachid, Danial"]
[Result "1-0"]
[WhiteElo "1861"]
[BlackElo "2040"]
[PlyCount "63"]

1. e4 e6 2. d4 d5 3. Nc3 Bb4 4. e5 c5 5. a3 Bxc3+ 6. bxc3 Qc7 7. Bd2 Nc6 8. Nf3
f6 9. exf6 gxf6 10. Be2 Nge7 11. O-O Rg8 12. Kh1 Bd7 13. a4 Nf5 14. Bd3 e5 15.
dxe5 fxe5 16. Nxe5 O-O-O 17. Nxd7 Qxd7 18. Bf4 c4 19. Bxf5 Qxf5 20. Bg3 h5 21.
Qd2 d4 22. Rab1 a6 23. f3 Qa5 24. Qh6 Qd5 25. cxd4 Nxd4 26. Qb6 Qc6 27. Qa7
Rxg3 28. hxg3 Ne2 29. Rfd1 Re8 30. Rb6 Qc7 31. Qa8+ Qb8 32. Rc6+ 1-0

[Event "Championnat de France des Jeunes - Mini"]
[Site "TROYES"]
[Date "2010.04.12"]
[Round "2.8"]
[White "Fuhrmann, Valentin"]
[Black "Neri, Jean-Baptiste"]
[Result "0-1"]
[WhiteElo "1859"]
[BlackElo "2011"]
[PlyCount "70"]

1. d4 Nf6 2. c4 c5 3. Nf3 cxd4 4. Nxd4 b6 5. Nc3 Bb7 6. Bg5 d6 7. e3 Nbd7 8.
Nf3 g6 9. Be2 Bg7 10. Qc2 Nc5 11. Bxf6 Bxf6 12. O-O O-O 13. Nd2 Rc8 14. Rac1
Bg7 15. Rfd1 f5 16. Bf3 Bxf3 17. Nxf3 e5 18. Nb5 e4 19. Ne1 Be5 20. Nxa7 Rc7
21. Nb5 Rcf7 22. Rb1 f4 23. exf4 Rxf4 24. g3 R4f7 25. b4 e3 26. f4 Bxf4 27.
gxf4 Rxf4 28. Qg2 Rf1+ 29. Qxf1 Rxf1+ 30. Kxf1 Qf6+ 31. Kg2 Qf2+ 32. Kh3 Qf1+
33. Ng2 Qf3+ 34. Kh4 Ne4 35. Rd5 h6 0-1

[Event "Championnat de France des Jeunes - Mini"]
[Site "TROYES"]
[Date "2010.04.12"]
[Round "2.9"]
[White "Fourcand, Pierre"]
[Black "Romero, Vladimir"]
[Result "1-0"]
[WhiteElo "2004"]
[BlackElo "1813"]
[PlyCount "115"]

1. d4 d5 2. c4 Nc6 3. Nf3 Bg4 4. cxd5 Bxf3 5. gxf3 Qxd5 6. e3 e5 7. Nc3 Bb4 8.
Bd2 Bxc3 9. bxc3 Qd6 10. Qb3 O-O-O 11. Rb1 b6 12. Qxf7 Nf6 13. Bh3+ Kb7 14. O-O
e4 15. f4 g5 16. fxg5 Rhg8 17. Qe6 Rxg5+ 18. Kh1 Rh5 19. Qxd6 Rxd6 20. Bg2 Ng4
21. h3 Rdh6 22. Bxe4 Rxh3+ 23. Kg2 R3h4 24. Bf5 Ne7 25. Bxg4 Rxg4+ 26. Kf3 Rgh4
27. Rg1 Rf6+ 28. Ke2 Rh2 29. Rbf1 h5 30. Be1 Nf5 31. e4 Re6 32. Kd3 Nd6 33. e5
Rh3+ 34. Rg3 Rxg3+ 35. fxg3 Nb5 36. a4 Na3 37. Bf2 Rc6 38. Be3 Nc4 39. d5 Nxe5+
40. Kd4 Rc4+ 41. Kxe5 Rxc3 42. Bf4 Ra3 43. Rc1 Rxa4 44. Kf5 a5 45. Rxc7+ Ka6
46. Be5 Ra3 47. d6 Rd3 48. d7 a4 49. Bf6 a3 50. d8=Q Rxd8 51. Bxd8 b5 52. Be7
a2 53. Rc1 b4 54. Bxb4 Kb5 55. Bc3 Ka4 56. Ba1 Kb3 57. Rc3+ Kb4 58. Kg5 1-0

[Event "Championnat de France des Jeunes - Mini"]
[Site "TROYES"]
[Date "2010.04.12"]
[Round "2.10"]
[White "Feryn, Benjamin"]
[Black "Jaouen, Valentin"]
[Result "1/2-1/2"]
[WhiteElo "1985"]
[BlackElo "1802"]
[PlyCount "62"]

1. d4 e6 2. g3 c5 3. Nf3 b6 4. Bg2 Bb7 5. O-O Nf6 6. c4 cxd4 7. Qxd4 Bc5 8. Qd1
O-O 9. Nc3 Nc6 10. Bf4 a6 11. Qd2 Na5 12. b3 d5 13. Ne5 dxc4 14. Bxb7 Qxd2 15.
Bxd2 Nxb7 16. Nxc4 Rfd8 17. Bf4 Bd4 18. Rac1 b5 19. Ne3 h6 20. Ng2 Rac8 21. Nb1
Rxc1 22. Rxc1 Bb2 23. Rf1 Nd5 24. Bc1 Bd4 25. Ne3 Nxe3 26. Bxe3 Bxe3 27. fxe3
b4 28. Rc1 Rd7 29. Kf2 Kf8 30. Ke1 Ke7 31. Rc6 Rd6 1/2-1/2

[Event "Championnat de France des Jeunes - Mini"]
[Site "TROYES"]
[Date "2010.04.12"]
[Round "2.1"]
[White "Richier, Lucie"]
[Black "Aflalo, Sophie"]
[Result "0-1"]
[WhiteElo "1660"]
[BlackElo "2041"]
[PlyCount "63"]
[EventDate "2010.??.??"]

1. d4 Nf6 2. Nf3 g6 3. Bf4 Bg7 4. e3 d6 5. h3 Nbd7 6. Nc3 c5 7. Bb5 O-O 8. O-O
Qc7 9. Qd2 b6 10. dxc5 Nxc5 11. Bc4 Nce4 12. Qd3 Nxc3 13. Qxc3 Nd5 14. Qb3 Nxf4
15. exf4 e6 16. c3 d5 17. Bd3 Qxf4 18. Rad1 Bb7 19. Be2 e5 20. Rfe1 Rad8 21.
Qa3 a6 22. Qe7 Rb8 23. Qc7 b5 24. Bf1 Rfc8 25. Qd6 Re8 26. Nh2 Qf5 27. Ng4 Rbd8
28. Qc7 Rd7 29. Qc5 h5 30. Ne3 Qe6 31. g3 Bf8 32. Ra1 0-1

[Event "Championnat de France des Jeunes - Mini"]
[Site "TROYES"]
[Date "2010.04.12"]
[Round "2.2"]
[White "Neuhauser, Salome"]
[Black "Dufour, Celine"]
[Result "1-0"]
[WhiteElo "2014"]
[BlackElo "1654"]
[PlyCount "35"]

1. e4 e5 2. Bc4 Nc6 3. d3 h6 4. Nc3 d6 5. f4 Be6 6. Bxe6 fxe6 7. Qh5+ Kd7 8. f5
Nd4 9. fxe6+ Nxe6 10. Nf3 Nf6 11. Qh3 c6 12. Be3 Rg8 13. d4 exd4 14. Nxd4 Qe7
15. O-O-O Qf7 16. Rhf1 Qe8 17. e5 Nh7 18. Nxe6 1-0

[Event "Championnat de France des Jeunes - Mini"]
[Site "TROYES"]
[Date "2010.04.12"]
[Round "2.3"]
[White "Gan, Grace"]
[Black "Eid, Maha"]
[Result "0-1"]
[WhiteElo "1652"]
[BlackElo "2003"]
[PlyCount "88"]

1. d4 Nf6 2. Nf3 b6 3. Bg5 Ne4 4. Bf4 Bb7 5. Nbd2 Nf6 6. Bg5 g6 7. e3 Bg7 8.
Bd3 d6 9. O-O Nbd7 10. c3 O-O 11. h3 Qe8 12. Re1 e5 13. e4 Nh5 14. a4 f6 15.
Be3 g5 16. Nh2 Nf4 17. Bxf4 gxf4 18. Be2 Kh8 19. Bh5 Qe7 20. Nhf3 f5 21. exf5
e4 22. Nh2 Nf6 23. Bf3 d5 24. Ng4 Nxg4 25. Bxg4 Qg5 26. Kh1 Rg8 27. Rg1 Bh6 28.
Nf1 Bc8 29. Nh2 Bxf5 30. Qb3 Bxg4 31. Nxg4 Bg7 32. a5 h5 33. Nh2 Bf6 34. axb6
cxb6 35. Qb5 Rg7 36. Rad1 Re8 37. Nf1 Qf5 38. Kh2 h4 39. Nd2 Reg8 40. Qe2 Be7
41. c4 f3 42. gxf3 Qf4+ 43. Kh1 Bd6 44. Rg3 hxg3 0-1

[Event "Championnat de France des Jeunes - Mini"]
[Site "TROYES"]
[Date "2010.04.12"]
[Round "2.4"]
[White "Haller, Noemie"]
[Black "Monpeurt, Cyrielle"]
[Result "0-1"]
[WhiteElo "1650"]
[BlackElo "1855"]
[PlyCount "156"]

1. e4 e5 2. d4 exd4 3. Nf3 d5 4. exd5 Qxd5 5. Qxd4 Nf6 6. Nc3 Qxd4 7. Nxd4 Bc5
8. Ndb5 Na6 9. Bf4 Bf5 10. O-O-O O-O 11. Nxc7 Nxc7 12. Bxc7 Bxf2 13. Bb5 a6 14.
Ba4 b5 15. Bb3 Rac8 16. Be5 Ng4 17. Bd6 Rfe8 18. Nd5 Bh4 19. Rhf1 Bg6 20. g3
Bg5+ 21. Kb1 Re2 22. h4 Bd8 23. Nf4 Bxc2+ 24. Bxc2 Rexc2 25. Nd5 Nf6 26. Ne7+
Bxe7 27. Bxe7 Ne4 28. Rg1 Nd2+ 29. Ka1 f6 30. b3 Nf3 31. Rgf1 Ne5 32. Kb1 Rg2
33. Rg1 Rcc2 34. Rxg2 Rxg2 35. Rd6 Kf7 36. Bd8 Rxg3 37. Rxa6 Rg4 38. Ra5 Nc6
39. Ra8 Nxd8 40. Rxd8 Rxh4 41. Rb8 Rh5 42. Kb2 Rd5 43. Rh8 h5 44. Kc3 Kg6 45.
a4 bxa4 46. bxa4 Kg5 47. Ra8 h4 48. a5 h3 49. Kb4 Rd1 50. Rh8 Kg4 51. a6 Ra1
52. Kb5 Kg3 53. Kb6 h2 54. a7 Rxa7 55. Kxa7 Kg2 56. Rh7 g5 57. Rf7 h1=Q 58. Rb7
Qa1+ 59. Kb8 Qe5+ 60. Kc8 Qe8+ 61. Kc7 Qe7+ 62. Kb6 Qxb7+ 63. Kxb7 g4 64. Kc6
g3 65. Kd6 Kf3 66. Ke6 g2 67. Kf7 g1=Q 68. Ke6 Qe3+ 69. Kf7 f5 70. Kf6 f4 71.
Kf5 Qe4+ 72. Kg5 Kg3 73. Kf6 f3 74. Kg5 Qf4+ 75. Kh5 Qg4+ 76. Kh6 f2 77. Kh7
f1=R 78. Kh6 Rh1# 0-1

[Event "Championnat de France des Jeunes - Mini"]
[Site "TROYES"]
[Date "2010.04.12"]
[Round "2.5"]
[White "Afraoui, Solenn"]
[Black "Stubbe, Alicia"]
[Result "1/2-1/2"]
[WhiteElo "1851"]
[BlackElo "1649"]
[PlyCount "83"]

1. Nf3 Nf6 2. g3 g6 3. Bg2 Bg7 4. d4 O-O 5. c4 c5 6. O-O d6 7. Nc3 a6 8. h3 Bd7
9. e4 b5 10. e5 Ne8 11. Ng5 Ra7 12. dxc5 Bxe5 13. cxd6 Bxc3 14. bxc3 exd6 15.
Be3 Rc7 16. Ne4 Rxc4 17. Bh6 Bxh3 18. Bxh3 Rxe4 19. Bg2 Rc4 20. Bxf8 Kxf8 21.
Qd2 Qf6 22. Rac1 Nd7 23. Rfe1 Ne5 24. Qe3 Nc7 25. Red1 h5 26. Qd2 Ne8 27. Qh6+
Kg8 28. Qe3 Kf8 29. Re1 Nc7 30. Red1 h4 31. Rd4 b4 32. Qh6+ Ke7 33. Rxc4 Nxc4
34. cxb4 hxg3 35. fxg3 Qd4+ 36. Kh2 Kd7 37. Rf1 Ne5 38. Bh3+ Ne6 39. Bxe6+ Kxe6
40. Qh3+ Ng4+ 41. Kh1 Qe4+ 42. Kg1 1/2-1/2

[Event "Championnat de France des Jeunes - Mini"]
[Site "TROYES"]
[Date "2010.04.12"]
[Round "2.6"]
[White "Lebret, Loriane"]
[Black "Colin, Phanie"]
[Result "1/2-1/2"]
[WhiteElo "1639"]
[BlackElo "1830"]
[PlyCount "79"]

1. e4 c5 2. c3 Qa5 3. Nf3 Nc6 4. d4 cxd4 5. Nxd4 Nf6 6. Nxc6 bxc6 7. Nd2 Ba6 8.
Be2 g6 9. O-O Bg7 10. Re1 O-O 11. Nf3 Rfb8 12. Bxa6 Qxa6 13. Qc2 Qb6 14. Rb1
Rb7 15. Bf4 Rd8 16. Qd2 Qa5 17. b3 Nh5 18. e5 Nxf4 19. Qxf4 Qxc3 20. Ng5 f6 21.
exf6 Qxf6 22. Qe3 Bh6 23. Ne4 Bxe3 24. Nxf6+ exf6 25. Rxe3 d5 26. Re6 d4 27.
Rxc6 d3 28. Rd1 Re7 29. Rc3 Re2 30. a4 Rde8 31. Kf1 d2 32. Re3 R2xe3 33. fxe3
Rxe3 34. Rxd2 Rxb3 35. Rd8+ Kg7 36. Rd7+ Kh6 37. Rxa7 Rb1+ 38. Kf2 Rb2+ 39. Kf3
Rb3+ 40. Kf2 1/2-1/2

[Event "Championnat de France des Jeunes - Mini"]
[Site "TROYES"]
[Date "2010.04.12"]
[Round "2.7"]
[White "Griggio, Julie"]
[Black "Turquetille, Annabelle"]
[Result "0-1"]
[WhiteElo "1816"]
[BlackElo "1630"]
[PlyCount "106"]

1. e4 g6 2. Nf3 Bg7 3. c3 d6 4. d4 Nf6 5. Bd3 Bg4 6. h3 Bxf3 7. Qxf3 Nc6 8. Be3
O-O 9. O-O e5 10. d5 Ne7 11. Bg5 Nd7 12. Qe3 Nc5 13. Bc2 c6 14. dxc6 bxc6 15.
Rd1 f6 16. Bh6 Nb7 17. Bb3+ d5 18. exd5 cxd5 19. Bxg7 Kxg7 20. Qd2 Qb6 21. Na3
Rad8 22. Qe2 Nc5 23. Qc2 Nxb3 24. axb3 Rb8 25. b4 Rfd8 26. Qb3 a5 27. Nc2 axb4
28. Nxb4 d4 29. Qc2 Rbc8 30. Rdc1 Nc6 31. Ra6 Nxb4 32. Rxb6 Nxc2 33. Rxc2 e4
34. Kf1 Rc7 35. Ke1 Ra8 36. Kd2 Ra1 37. cxd4 Rxc2+ 38. Kxc2 Rf1 39. d5 Rxf2+
40. Kd1 Rxg2 41. b4 e3 42. d6 Rd2+ 43. Ke1 f5 44. Rb7+ Kf6 45. b5 Rxd6 46. b6
f4 47. Rb8 Kg5 48. b7 Rd7 49. Ke2 Kh4 50. Kf3 h5 51. Kxf4 e2 52. Re8 Rxb7 53.
Rxe2 Rf7+ 0-1

[Event "Championnat de France des Jeunes - Mini"]
[Site "TROYES"]
[Date "2010.04.12"]
[Round "2.8"]
[White "Ruhlmann, Helene"]
[Black "Dubois, Marie"]
[Result "0-1"]
[WhiteElo "1816"]
[BlackElo "1616"]
[PlyCount "114"]

1. e4 c5 2. Nc3 d6 3. Bb5+ Bd7 4. Bxd7+ Qxd7 5. Nf3 Nf6 6. O-O Nc6 7. Re1 e6 8.
d4 cxd4 9. Nxd4 Be7 10. f4 O-O 11. f5 Nxd4 12. Qxd4 Rac8 13. Kh1 exf5 14. exf5
d5 15. Bf4 Rc4 16. Qd2 Bb4 17. Rf1 d4 18. Qd3 Qc6 19. Ne2 Rxc2 20. Rac1 Rxc1
21. Rxc1 Qe4 22. Qxe4 Nxe4 23. Nxd4 Nf2+ 24. Kg1 Nd3 25. Rf1 Bc5 26. Be3 Re8
27. Rf3 Nxb2 28. Nc2 Bxe3+ 29. Nxe3 h6 30. Kf1 Nd3 31. Nc2 Nc1 32. a3 Rd8 33.
Ke1 Nd3+ 34. Ke2 Ne5 35. Re3 Nc4 36. Rd3 Rxd3 37. Kxd3 Ne5+ 38. Kd4 Nc6+ 39.
Kd5 Kf8 40. Kd6 Ke8 41. Kc7 Na5 42. Nd4 Ke7 43. Nb5 Nc4 44. Kxb7 a5 45. Kc6 Kf6
46. g3 Kxf5 47. Kc5 Nb2 48. Nd6+ Ke6 49. Nc4 Nxc4 50. Kxc4 Kd6 51. Kb5 f5 52.
Kxa5 Kc5 53. h4 g5 54. hxg5 hxg5 55. Ka6 f4 56. gxf4 gxf4 57. Kb7 Kb5 0-1

[Event "Championnat de France des Jeunes - Mini"]
[Site "TROYES"]
[Date "2010.04.12"]
[Round "2.9"]
[White "Alonso, Audrey"]
[Black "Guinard, Charline"]
[Result "1/2-1/2"]
[WhiteElo "1782"]
[BlackElo "1600"]
[PlyCount "89"]
[EventDate "2010.??.??"]

1. e4 e5 2. Nf3 Nf6 3. Nc3 Nc6 4. d3 h6 5. Be2 d5 6. exd5 Nxd5 7. Nxd5 Qxd5 8.
O-O Bd6 9. Nd2 Nd4 10. Nc4 Nxe2+ 11. Qxe2 O-O 12. Rd1 Bd7 13. Bd2 Rfe8 14. Bc3
Rad8 15. Ne3 Qe6 16. Nc4 Qd5 17. Nxd6 Qxd6 18. Re1 f6 19. Qe4 Bc6 20. Qg4 Qd7
21. Qxd7 Bxd7 22. Re3 Bf5 23. f3 h5 24. Kf2 g5 25. Rae1 Kf7 26. g3 b6 27. d4
exd4 28. Rxe8 Rxe8 29. Rxe8 Kxe8 30. Bxd4 Kf7 31. c3 g4 32. Be3 Ke6 33. Bf4 c6
34. Ke3 Kd5 35. Bc7 b5 36. Bd8 Ke6 37. fxg4 hxg4 38. Kd4 Bb1 39. a3 f5 40. Bc7
Bc2 41. Kc5 Be4 42. Bb8 a5 43. b3 a4 44. bxa4 bxa4 45. Bc7 1/2-1/2

[Event "Championnat de France des Jeunes - Mini"]
[Site "TROYES"]
[Date "2010.04.12"]
[Round "2.10"]
[White "Bertin, Cecile"]
[Black "Lenoel, Marine"]
[Result "0-1"]
[WhiteElo "1616"]
[BlackElo "1718"]
[PlyCount "80"]

1. e4 e5 2. Nf3 Nc6 3. Nc3 Bb4 4. d4 exd4 5. Nxd4 Nf6 6. Nxc6 bxc6 7. Bd3 d5 8.
O-O Bxc3 9. bxc3 O-O 10. e5 Ng4 11. f4 Qe7 12. Qe1 f6 13. h3 Nh6 14. Qg3 Bf5
15. Re1 Qc5+ 16. Be3 Qxc3 17. exf6 Rxf6 18. Qf2 Re6 19. Bd4 Qa3 20. Rxe6 Bxe6
21. Qe3 Qd6 22. Re1 Bf5 23. Bc5 Qd7 24. Qe5 Bxd3 25. cxd3 Nf5 26. Qc3 a6 27. g4
Nd6 28. Re5 Rf8 29. Qd2 Qf7 30. Bxd6 cxd6 31. Rf5 Qa7+ 32. d4 Rxf5 33. gxf5 Qe7
34. Qb2 c5 35. dxc5 dxc5 36. Qb3 Qd6 37. Qe3 h6 38. Qe8+ Kh7 39. Qe3 Qb6 40.
Qd3 c4+ 0-1

[Event "Championnat de France des Jeunes - Benja"]
[Site "TROYES"]
[Date "2010.04.12"]
[Round "2.1"]
[White "Faure, Alexandre"]
[Black "Giroyan, Gary"]
[Result "0-1"]
[WhiteElo "1761"]
[BlackElo "2181"]
[PlyCount "57"]

1. e4 c5 2. c3 g6 3. d4 cxd4 4. cxd4 d5 5. e5 Bg7 6. Nf3 f6 7. Nc3 Be6 8. Be3
a6 9. Qb3 b6 10. Rc1 Nh6 11. Na4 b5 12. Nc5 Bf5 13. Nb7 Qd7 14. Nc5 Qd8 15.
exf6 exf6 16. Nb7 Qe7 17. Qxd5 Nf7 18. Bd3 Be6 19. Nd6+ Qxd6 20. Qxa8 O-O 21.
a3 f5 22. Bd2 Bd5 23. Qa7 Bxf3 24. gxf3 Bxd4 25. Qc7 Qd5 26. Qf4 Bxb2 27. Rc2
Re8+ 28. Be2 Qd3 29. Qe3 0-1

[Event "Championnat de France des Jeunes - Benja"]
[Site "TROYES"]
[Date "2010.04.12"]
[Round "2.2"]
[White "Viennot, Dylan"]
[Black "Poulet, Pierre-Emmanuel"]
[Result "1-0"]
[WhiteElo "2017"]
[BlackElo "1760"]
[PlyCount "117"]
[EventDate "2010.??.??"]

1. e4 e6 2. d4 d5 3. Nd2 Nf6 4. e5 Nfd7 5. Bd3 c5 6. c3 Nc6 7. Ne2 cxd4 8. cxd4
f6 9. exf6 Nxf6 10. O-O Bd6 11. Nf3 Qc7 12. Bg5 O-O 13. Bh4 Nh5 14. Qc2 h6 15.
Bg6 Rxf3 16. gxf3 Bxh2+ 17. Kh1 Nf4 18. Ng3 Qd7 19. Rad1 Nxg6 20. Qxg6 e5 21.
Nh5 Qf7 22. Qxf7+ Kxf7 23. Kxh2 g5 24. Bg3 Kg6 25. dxe5 Kxh5 26. Rxd5 Be6 27.
Rd6 Re8 28. Kg2 Kg6 29. a3 Kf5 30. Re1 h5 31. b4 a6 32. Re3 h4 33. Bh2 Re7 34.
Re4 Re8 35. a4 Na7 36. Re1 Nc8 37. Rd4 Nb6 38. a5 Nd5 39. Red1 Rd8 40. Kf1 Rd7
41. Ke1 Rd8 42. Rc1 Re8 43. Rc5 Rd8 44. b5 axb5 45. Rxb5 Rd7 46. Kd2 Kg6 47.
Rd3 Kf5 48. Ke1 Kg6 49. Rdb3 Nc7 50. Rb6 Kf5 51. Rb2 Na6 52. Rxb7 Rd5 53. R2b6
Nc5 54. Rf7+ Kg6 55. Rf6+ Kh5 56. Rfxe6 Nxe6 57. Rxe6 Rxa5 58. Rd6 Ra1+ 59. Ke2
1-0

[Event "Championnat de France des Jeunes - Benja"]
[Site "TROYES"]
[Date "2010.04.12"]
[Round "2.3"]
[White "Kirk, Ezra"]
[Black "Charvein, Gabriel"]
[Result "1-0"]
[WhiteElo "1970"]
[BlackElo "1745"]
[PlyCount "75"]
[EventDate "2010.??.??"]

1. d4 Nf6 2. c4 c5 3. d5 b5 4. cxb5 a6 5. bxa6 g6 6. Nc3 Bxa6 7. e4 Bxf1 8.
Kxf1 d6 9. g3 Bg7 10. Kg2 O-O 11. Nf3 Nbd7 12. h3 Ra6 13. Qc2 Qa8 14. Be3 Rb8
15. Rhd1 Qb7 16. Rab1 e6 17. dxe6 fxe6 18. Bf4 Bf8 19. a3 Rb6 20. b4 cxb4 21.
axb4 Rxb4 22. Qa2 Re8 23. Bxd6 Rxb1 24. Rxb1 Qc6 25. Bxf8 Rxf8 26. Qc2 Nc5 27.
Nd4 Qd7 28. Rd1 Qc8 29. f3 e5 30. Qa2+ Kh8 31. Ndb5 Nb7 32. Qa3 Rd8 33. Qe7
Rxd1 34. Qxf6+ Kg8 35. Nxd1 Qc2+ 36. Nf2 Nc5 37. Nd6 Qa2 38. Qd8+ 1-0

[Event "Championnat de France des Jeunes - Benja"]
[Site "TROYES"]
[Date "2010.04.12"]
[Round "2.4"]
[White "Grundman, Anatole"]
[Black "Macon, Arthur"]
[Result "1-0"]
[WhiteElo "1742"]
[BlackElo "1949"]
[PlyCount "145"]
[EventDate "2010.??.??"]

1. d4 Nf6 2. c4 e6 3. Nc3 Bb4 4. Bg5 h6 5. Bh4 c5 6. e3 Qa5 7. Qc2 Ne4 8. Rc1
d5 9. f3 cxd4 10. exd4 Nxc3 11. bxc3 Ba3 12. Rb1 dxc4 13. Bxc4 O-O 14. Ne2 Qc7
15. Bd3 Bd6 16. Bg3 Nc6 17. Bxd6 Qxd6 18. f4 b6 19. O-O Bb7 20. Ng3 Rac8 21.
Qe2 Ne7 22. Qd2 Rc7 23. f5 exf5 24. Nxf5 Nxf5 25. Bxf5 Qc6 26. Rbc1 Re8 27. Rc2
b5 28. Qf4 Rce7 29. Bd3 a6 30. Qf5 g6 31. Qf4 Kh7 32. h4 h5 33. Qg5 Qd5 34. Qf4
Qe6 35. Re2 Qg4 36. Qxg4 hxg4 37. Rxf7+ Rxf7 38. Rxe8 Bd5 39. a3 Rc7 40. Re3
Kg7 41. Be2 Bc4 42. Bxg4 Rf7 43. Bf3 Kf8 44. Kf2 Rf6 45. g4 a5 46. Re5 Bb3 47.
Kg3 Bc4 48. h5 gxh5 49. Rxh5 Kg7 50. Re5 Bd3 51. g5 Rf7 52. Be4 Bf1 53. Rf5 Rc7
54. Rc5 Re7 55. Kf4 Rf7+ 56. Bf5 Bc4 57. g6 Re7 58. Re5 Rc7 59. Kg5 Bf1 60. Re3
Bc4 61. Rh3 Bg8 62. Re3 Bc4 63. Re5 Bf1 64. Rc5 Re7 65. Re5 Rc7 66. d5 Rxc3 67.
Re7+ Kg8 68. Be6+ Kf8 69. g7+ Kxe7 70. g8=Q Rg3+ 71. Bg4 Be2 72. Qe6+ Kd8 73.
Qd7# 1-0